000 01611cam a22003131i 4500
003 SA-RiAUC
005 20251021072551.0
008 251020s2015____su f be 000 0 ara c
035 _a276798
040 _aSA-JeALM
_bara
_cSA-RiAUC
_erda
082 0 4 _a253.03
_qSA-RiAUC
090 _a253.03
_bم و س
245 0 0 _aموسوعة أحاديث أحكام المعاملات المالية :
_bموسوعة تصنيفية منهجية فقهية لأحاديث المعاملات من كتب السنة /
_cقام بجمع أحاديثها وتصنيفها وتخريجها والحكم عليها والتعليق عليها همام عبد الرحيم سعيد، محمد همام عبد الرحيم.
250 _aالطبعة الأولى.
264 1 _aالرياض :
_bمركز الكوثر للنشر والتوزيع،
_c2001
300 _a1111 صفحة ؛
_c24 سم.
336 _aنص
_btxt
_2rdacontent
_3كتاب
337 _aبدون وسيط
_bn
_2rdamedia
338 _aمجلد
_bnc
_2rdacarrier
490 0 _aسلسلة موسوعات التصنيف الموضوعي للسنة النبوية.
504 _aببليوجرافية : صفحة 1085-1094.
650 7 _aالمعاملات (فقه إسلامي)
_vدوائر معارف
_2aucsh
650 7 _aالمعاملات في الحديث
_vدوائر معارف
_2aucsh
650 7 _aالحديث
_xأحكام
_2aucsh
700 1 _aسعيد، همام عبد الرحيم،
_d1944-
_eجامع.
700 1 _aعبد الرحيم، محمد همام
_eجامع.
942 _2ddc
_cBOOK
_n0
949 _aSA-JeALM
_d251020
_umohamedma123
_n1
999 _c12661
_d12661